Luis Mariano, entre el cine y la opereta / (Record no. 106673)
[ view plain ]
| 000 -LEADER | |
|---|---|
| campo de control de longitud fija | 01198nam a2200301 i 4500 |
| 001 - NÚMERO DE CONTROL | |
| campo de control | 106673 |
| 003 - IDENTIFICADOR DE NÚMERO DE CONTROL | |
| campo de control | ES-MaACL |
| 005 - FECHA Y HORA DE LA ÚLTIMA TRANSACCIÓN | |
| campo de control | 20250825062721.0 |
| 007 - CAMPO FIJO DE DESCRIPCIÓN FÍSICA--INFORMACIÓN GENERAL | |
| campo de control de longitud fija | t| |
| 008 - DATOS DE LONGITUD FIJA--INFORMACIÓN GENERAL | |
| campo de control de longitud fija | 061214e1995 sp a||||r 00|10bspa |
| 017 ## - NÚMERO DE COPYRIGHT O DE DEPÓSITO LEGAL | |
| Número de copyright o de depósito legal | SS 808-1995 |
| Agencia que asigna | Oficina Depósito Legal Guipúzcoa |
| 020 ## - NÚMERO INTERNACIONAL ESTÁNDAR DEL LIBRO | |
| Número Internacional Estándar del Libro | 84-920167-2-8 |
| 080 ## - NÚMERO DE LA CLASIFICACIÓN DECIMAL UNIVERSAL | |
| Número de la Clasificación Decimal Universal | 78 Luis Mariano |
| 080 ## - NÚMERO DE LA CLASIFICACIÓN DECIMAL UNIVERSAL | |
| Número de la Clasificación Decimal Universal | 929 Luis Mariano |
| 100 1# - ENTRADA PRINCIPAL--NOMBRE DE PERSONA | |
| Nombre de persona | López Echevarrieta, Alberto, |
| Fechas asociadas al nombre | 1945- |
| Término indicativo de función/relación | Autor |
| 9 (RLIN) | 73617 |
| 245 10 - MENCIÓN DEL TÍTULO | |
| Título | Luis Mariano, entre el cine y la opereta / |
| Mención de responsabilidad, etc. | Alberto López Echevarrieta ; prólogo de Luis García Berlanga ; edición al cuidado de Natalia Tuduri |
| 260 ## - PUBLICACIÓN, DISTRIBUCIÓN, ETC. | |
| Lugar de publicación, distribución, etc. | Donostia-San Sebastián : |
| Nombre del editor, distribuidor, etc. | Filmoteca Vasca, |
| Fecha de publicación, distribución, etc. | [1995] |
| 300 ## - DESCRIPCIÓN FÍSICA | |
| Extensión | 453 páginas : |
| Otras características físicas | ilustraciones ; |
| Dimensiones | 24 cm |
| 600 07 - PUNTO DE ACCESO ADICIONAL DE MATERIA--NOMBRE DE PERSONA | |
| Nombre de persona | Luis Mariano, |
| Fechas asociadas al nombre | 1920-1970 |
| Fuente del encabezamiento o término | embne |
| 9 (RLIN) | 74695 |
| 655 #0 - TERMINO DE INDIZACIÓN--GENERO/FORMA | |
| Datos o término principal de género/forma | Biografías |
| 9 (RLIN) | 176647 |
| 700 1# - ENTRADA AGREGADA--NOMBRE PERSONAL | |
| Nombre de persona | García Berlanga, Luis, |
| Fechas asociadas al nombre | 1921-2010 |
| Término indicativo de función/relación | Autor de introducción |
| 9 (RLIN) | 171047 |
| 700 1# - ENTRADA AGREGADA--NOMBRE PERSONAL | |
| Nombre de persona | Tuduri Hernández, Natalia |
| Término indicativo de función/relación | Editor literario |
| 9 (RLIN) | 111640 |
| 710 2# - ENTRADA AGREGADA--NOMBRE DE ENTIDAD CORPORATIVA | |
| Nombre de entidad corporativa o nombre de jurisdicción como elemento de entrada | Filmoteca Vasca |
| Término indicativo de función/relación | Editor |
| 9 (RLIN) | 242003 |
| 852 4# - LOCALIZACIÓN | |
| Ubicación | ES-MaACL |
| Ubicación en estantería | Depósito 2 |
| Marcas de propiedad | Biblioteca Jacinto Martínez Lacalle |
| Donativo/Legado | Legado Jacinto Martínez Lacalle |
| Número de control de estantería | E-11430 |
| 942 ## - ELEMENTOS DE ENTRADA SECUNDARIOS (KOHA) | |
| Fuente del sistema de clasificación o colocación | Clasificación decimal universal |
| Tipo de ítem Koha | Libro impreso |
| Suprimir en OPAC | No |
| Estatus retirado | Estado de pérdida | Fuente del sistema de clasificación o colocación | Estado de daño | No para préstamo | Biblioteca de origen | Biblioteca actual | Ubicación en estantería | Fecha de adquisición | Fuente de adquisición | Total de préstamos | Signatura topográfica completa | Código de barras | Visto por última vez | Tipo de ítem Koha |
|---|---|---|---|---|---|---|---|---|---|---|---|---|---|---|
| Clasificación decimal universal | Biblioteca del Ateneo de Madrid | Biblioteca del Ateneo de Madrid | Depósito 2 | 17/01/2008 | Legado | E-11430 | 1111345 | 23/02/2023 | Libro impreso |
